| 000 | 00514nam a2200169Ia 4500 | ||
|---|---|---|---|
| 008 | 230718s9999 xx 000 0 und d | ||
| 020 | _a9789332519923 | ||
| 041 | _aeng | ||
| 082 |
_a372.126 _bTHO |
||
| 100 |
_aThorpe E. _9108756 |
||
| 245 |
_aThe Pearson General Studies (Paper- II) 2014 _bFor The Civil Services Preliminary Examination |
||
| 260 |
_c2014 _bPearson |
||
| 300 | _a1253 | ||
| 365 |
_cRs. _b700.00 |
||
| 700 | _aThorpe E. & Thorpe S. | ||
| 906 |
_dO:0391809-Jun-2014B:64724-Apr-2014 _cGENRL _b233.1 |
||
| 999 |
_c336367 _d336367 |
||